| 000 | 00382 a2200121 4500 | ||
|---|---|---|---|
| 020 | _a8121903327 | ||
| 082 | _a692.5 KOH | ||
| 100 | _aKohli, D. D. [from old catalog] | ||
| 245 | 0 | 2 | _aA text book on estimating, costing (civil) and civil drawings. |
| 250 | _a2d rev. and enl. ed. | ||
| 260 |
_aAmbala Cantt., _bRamesh Publications, _c1962. |
||
| 300 |
_a212 p. _billus. _c25 cm. |
||
| 650 |
_aEngineering _xEstimates. |
||
| 999 |
_c1762 _d1762 |
||